| 000 | 00682cab a2200217 4500 | ||
|---|---|---|---|
| 001 | WB2835-33 | ||
| 008 | 090401t1992 xxu||||| |||| 00| 0 eng d | ||
| 035 | _a(Sirsi) u6976 | ||
| 041 | _aeng | ||
| 245 | _aCompensation claims | ||
| 260 | _c1992 | ||
| 350 | _a0 | ||
| 490 |
_aIndependent _v5 September 1992, X(1) |
||
| 520 | _aLocal authorities are facing dramatic rises in compensation payments for the poor condition of roads and pavements. | ||
| 650 | _aCOMPENSATION CLAIMS | ||
| 650 | _aDISREPAIR | ||
| 650 | _aPROPERTY-INFRASTRUCTURE-TRANSPORT INFRASTRUCTURE-ROAD INFRASTRUCTURE | ||
| 690 | _aHIGHWAYS RIGHTS OF WAY AND EASEMENTS | ||
| 942 | _n0 | ||
| 948 | _c04/03/1997 | ||
| 999 |
_c4154 _d4154 |
||